| 000 | 00854pam a2200253 a 4500 | ||
|---|---|---|---|
| 999 |
_c234210 _d234210 |
||
| 001 | 546767 | ||
| 003 | Nust | ||
| 005 | 20170315165357.0 | ||
| 008 | 880126s1988 nyua 000 0 eng | ||
| 010 | _a 88001538 | ||
| 020 | _a978-0-07-058948-3 | ||
| 040 |
_aDLC _cASAB _dDLC |
||
| 050 | 0 | 0 |
_aQH316 _b.B47 1988 |
| 082 | 0 | 0 |
_a574/.076 _219 |
| 100 | 1 | _aBernstein, Ruth. | |
| 245 | 1 | 0 |
_a3000 solved problems in biology / _cby Ruth Bernstein, Stephen Bernstein. |
| 260 |
_aNew York : _bMcGraw-Hill, _cc1988. |
||
| 300 |
_aix, 406 p. : _bill. ; _c28 cm. |
||
| 440 | 0 | _aSchaum's solved problems series | |
| 650 | 0 |
_aBiology _xProblems, exercises, etc. |
|
| 700 | 1 | _aBernstein, Stephen. | |
| 740 | 0 | _aThree thousand solved problems in biology. | |
| 906 |
_a7 _bcbc _corignew _d1 _eocip _f19 _gy-gencatlg |
||
| 942 |
_2ddc _cBK |
||